000
00312nam a22001337a 4500
008
250317b |||||||| |||| 00| 0 eng d
020
_a
9789385999857
040
_a
02
100
_a
TANWAR,YS
245
_a
PHARMACEUTICAL DOSAGE FORM DESIGN
260
_a
NEW DELHI
_b
JAYPEE
_c
2016
300
_a
643
942
_c
01
999
_c
65384
_d
65384